00487nam a22001457a 450000500170000000800410001704100130005808200150007110000430008624500920012925000200022126000480024130000270028965000250031620231108130250.0231108b |||||||| |||| 00| 0 eng d aEnglish  a346.3 COR  aCorbett, MM and Buchanan JL lEnglish  aThe Quantum of Damages in Bodily and Fatal Injury Cases / cMM Corbett and JL Buchanan  aSecond Edition  aCape Town : bJuta and Company Ltd, c1980  bxl, 760 pages c26 cm. aLegal practice bLaw